000 02791 a2200361 4500
020 _a0123825806
020 _a9780123825803
082 0 4 _a510.212
090 _c250
_d250
100 1 _aJeffrey, Alan.
245 1 0 _aHandbook of mathematical formulas and integrals /
_cAlan Jeffrey.
250 _a1st ed.
260 _a[S.l.] :
_bAcademic Press,
_c1995.
300 _a448 p. ;
_c23 cm.
500 _aPaperback.
520 _aIf there is a formula to solve a given problem in mathematics, you will find it in Alan Jeffrey's Handbook of Mathematical Formulas and Integrals . Thanks to its unique thumb-tab indexing feature, answers are easy to find based upon the type of problem they solve. The Handbook covers important formulas, functions, relations, and methods from algebra, trigonometric and exponential functions, combinatorics, probability, matrix theory, calculus and vector calculus, both ordinary and partial differential equations, Fourier series, orthogonal polynomials, and Laplace transforms. Based on Gradshteyn and Ryzhik's Table of Integrals, Series, and Products, Fifth Edition (edited by Jeffrey), but far more accessible and written with particular attention to the needs of students and practicing scientists and engineers, this book is an essential resource. Affordable and authoritative, it is the first place to look for help and a rewarding place to browse. Special thumb-tab index throughout the book for ease of use Answers are keyed to the type of problem they solve Formulas are provided for problems across the entire spectrum of Mathematics All equations are sent from a computer-checked source code Companion to Gradshteyn: Table of Integrals, Series, and Products, Fifth Edition The following features make the Handbook a Better Value than its Competition: Less expensive More comprehensive Equations are computer-validated with Scientific WorkPlace(tm) and Mathematica(r) Superior quality from one of the most respected names in scientific and technical publishing Offers unique thumb-tab indexing throughout the book which makes finding answers quick and easy.
650 4 _aScience/Mathematics.
650 4 _aMathematics (General)
650 4 _aCalculus & mathematical analysis.
650 4 _aMathematics for scientists & engineers.
650 4 _aMaths for engineers.
650 4 _aMaths for scientists.
650 4 _aMathematics.
650 4 _aGeneral.
650 4 _aFormulae.
650 4 _aTables.
650 4 _aMathematics / General.
650 4 _aMathematics / Reference.
650 4 _aReference.
856 4 0 _3Amazon.com
_uhttp://www.amazon.com/exec/obidos/ASIN/0123825806/chopaconline-20
856 4 0 _3Amazon customer reviews
_uhttp://www.chopac.org/cgi-bin/tools/azrev.pl?q=0123825806
942 _aNBS
_cBK
_k510.212 JEF
999 _c342822
_d342822